Jimmy's Fast Quiz #1 - Statistics

General Stats
  • This quiz has been taken 9 times
  • The average score is 10 of 15
Answer Stats
Hint Answer % Correct
Current U.S President Donald Trump
100%
The quiz website you are on right now Jetpunk
100%
Number of questions asked so far 4
88%
How many holes are in a polo? 4
88%
Only answer on the quiz that repeats 4
88%
Marco! Polo
88%
Shortened word for 'Television' TV
88%
Most recent global pandemic Covid-19
75%
Color before yellow Orange
63%
Largest island of Greece Crete
50%
Holes in your nose Nostrils
50%
Road that the above traveled Silk Road
50%
Number of questions and answers on this quiz 15
25%
Previous answer as a number in Roman numerals 500
13%
What letter has no use in this sentence: Blowzy night-frumps vex Jack Q D
13%
No matching quizzes found
Score Distribution
Percent of People with Each Score
Percentile by Number Answered
Your Score History
You have not taken this quiz